Представление документа в формате RUSMARC

ПолеНазваниеЗначение
  Тип записи a
  Библиографический уровень m
001 Контрольный номер Book/4608
005 Дата корректировки 20240209174423.0
010 Индекс ISBN __
a ISBN 978-5-222-15514-1
b Уточнения в пер.
d Цена 472 р.
9 Тираж 3000 экз.
090 Данные записи __
a Состояние записи 63.3(0)
b Тип записи Книги
c Язык записи Русский
d Отрасль знаний (КСУ) Другая
e Секретность Несекретно
g Вид записи Монография (однотомник)
x Дата передачи записи для обработки В12
100 Данные общей обработки __
a Данные общей обработки 20100512d2013 u u 1rusy ||||ca
101 Язык документа 0_
a Язык текста rus
105 Кодированные данные (монография) __
a Кодированные данные (монография) a z 000yy
200 Заглавие и сведения об ответственности 1_
a Заглавие 100 знаменитых полководцев
b Общее обозначение материала Текст
f Первые сведения об ответственности И. Вагман, В. Мац, А. Зиолковская
210 Выходные данные 1_
a Место издания Ростов-на-Дону
c Издательство Феникс
d Дата издания 2009
215 Физическое описание __
a Объем 512 с.
c Иллюстрации/тип воспроизводства ил.
225 Серия 1_
a Серия 100 знаменитых
686 Индексы других классификаций __
a Классификационный индекс 63.3(0)
2 Код системы rubbk
700 Автор _1
a Фамилия Вагман
b Имя (инициалы) И.
701 Альтернативная интеллектуальная ответственность _1
a Фамилия Мац
b Имя (инициалы) В.
801 Источник записи _0
a Страна RU
b Организация МБУК ЦБС г. Ульяновска
c Дата составления 20100512
801 Источник записи _1
a Страна RU
b Организация МБУК ЦБС г. Ульяновска
c Дата составления 20100512
899 Данные о местонахождении __
3 Книга № 9331
a Местонахождение 22 ф
i Авторский знак В 12
j Расстановочный фильтр 63.3(0)
d Название фонда Инв.книга №1
q Состояние Свободно
x Инвентарный номер 138488
901 Тип документа __
t Тип документа m
910 Корректоры записи __
a Корректор записи Егорова